Misteri cristiani

Salvato in:
Dettagli Bibliografici
Autore principale: Bonomelli, Geremia (Autore)
Natura: Libro
Lingua:italiano
Pubblicazione: Brescia Imprenta Queriniana 1894
Edizione:1a. ed
Soggetti:
Tags: Aggiungi Tag
Nessun Tag, puoi essere il primo ad aggiungerne!!

MARC

LEADER 00000cam a2200000 a 4500
001 UCD3523
003 CL-VaPUC
008 160609e18940000it |||||||||||||||||ita|d
082 0 4 |a 232  |b BON  |2 21 
100 0 |a Bonomelli, Geremia  |e author  |9 587035 
245 1 0 |a Misteri cristiani 
250 |a 1a. ed 
300 |a v 
942 |c BK 
945 |d 20160609 22:21:00  |a dcastane 
260 |a Brescia  |b Imprenta Queriniana  |c 1894 
650 0 |a Cristología   |9 315091 
650 7 |a MISTERIOS RELIGIOSOS  |2 CL-VaPUC  |9 321684 
583 |a last modification  |c 20160609 22:21:00  |k Rodrigo Vera 
999 |c 364559  |d 364557 
952 |0 0  |1 0  |3 erd  |4 0  |6 232_000000000000000_BON_1894  |7 0  |8 X  |9 477920  |a BIBTEO  |b BIBTEO  |c TEO_FFR  |h v.1-2  |i 5237157  |o 232 BON 1894  |p 5237157  |r 2024-01-18  |w 2019-11-24  |y BK_X  |z Catalogado en:20160609  |k OFM 
952 |0 0  |1 0  |3 erd  |4 0  |6 232_000000000000000_BON_1894  |7 0  |8 X  |9 477921  |a BIBTEO  |b BIBTEO  |c TEO_FFR  |h v.3-4  |i 5237165  |o 232 BON 1894  |p 5237165  |r 2024-01-18  |w 2019-11-24  |y BK_X  |z Catalogado en:20160609  |k OFM